000 00783nab a2200241 u 4500
001 15546
003 HDC
007 cr bn ---aaaaa
008 210218c20150527my dr|nes 0 a may d
040 _aHDC
245 0 _aADSB sasar hasil 20,000 moichi sebulan
260 _aKuala Lumpur :
_bThe New Straits Times Press (M) Bhd.,
_c2015
336 _atext
_2rdacontent
337 _acomputer
_2rdamedia
338 _aonline resource
_2rdacarrier
650 _aFood industry
_9536
650 _aJapanese food
_915720
710 _aHarian Metro
856 _zRequest full-text at [email protected]
942 _2lcc
942 _cNEWS
942 _kNWSC 005788
999 _c12862
_d12862